000 00441nam a2200157Ia 4500
003 GCL
008 140319s9999 xx 000 0 ara d
040 _aGCL /
_cGCL
082 0 4 _a814
_bا ن
100 1 _aايهاب الازهرى
245 1 0 _aالناس على دين اذاعاتهم: كتاب لكل الناس /
_cايهاب الازهرى
300 _a271 ص
490 _a
650 0 4 _aالادب العربى
942 _2ddc
_cBK
999 _c45204
_d45204